000 00425nam a2200181Ia 4500
008 170705s9999 xx 000 0 und d
020 _a9780590819626
245 _aWhat the sun sees :
245 _bwhat the moon sees /
245 _cNancy Tafuri.
260 _aNew York :
260 _bScholastic,
260 _c1997
300 _a17 pages :
300 _bcolor illustration ;
300 _c28cm.
500 _a260
999 _c336839
_d336839